| 000 | 00421cam a2200169ua 4500 | ||
|---|---|---|---|
| 041 |
_aeng _h |
||
| 082 |
_a301 _bCHA/PR |
||
| 100 | _aChaes, Stuart . | ||
| 245 |
_aProper study of mankind / _cStuart Chase. _hTextual Documents |
||
| 250 |
_a1 / _b. |
||
| 260 |
_aNewyork : _bHarper and brothers publishers , _c1956. |
||
| 300 | _a327 ; . | ||
| 500 | _a**Reference | ||
| 504 | _a | ||
| 942 | _cBK | ||
| 999 |
_c8134 _d8134 |
||